| 000 | 01295nam a22003494a 4500 | ||
|---|---|---|---|
| 001 | ebr10112269 | ||
| 003 | CaPaEBR | ||
| 006 | m u | ||
| 007 | cr cn||||||||| | ||
| 008 | 030318s2002 ncua s 000 0 eng | ||
| 010 | _z 2003265770 | ||
| 020 | _z0738423432 (pbk.) | ||
| 040 |
_aCaPaEBR _cCaPaEBR |
||
| 035 | _a(OCoLC)560312034 | ||
| 050 | 1 | 4 |
_aTK5105.5 _b.R645 2002eb |
| 082 | 0 | 4 |
_a004.6 _222 |
| 100 | 1 | _aRodriguez, Adolfo Francisco. | |
| 245 | 1 | 0 |
_aNetworking with z/OS and Cisco routers _h[electronic resource] : _ban interoperability guide / _c[Adolfo Rodriguez ... et al.]. |
| 250 | _a1st ed. | ||
| 260 |
_aResearch Triangle Park, NC : _bIBM, _c2002. |
||
| 300 |
_axiv, 356 p. : _bill. |
||
| 490 | 1 | _aRedbooks | |
| 533 |
_aElectronic reproduction. _bPalo Alto, Calif. : _cebrary, _d2013. _nAvailable via World Wide Web. _nAccess may be limited to ebrary affiliated libraries. |
||
| 630 | 0 | 0 | _az/OS. |
| 650 | 0 | _aComputer networks. | |
| 650 | 0 | _aRouters (Computer networks) | |
| 650 | 0 |
_aBusiness enterprises _xComputer networks. |
|
| 655 | 7 |
_aElectronic books. _2local |
|
| 710 | 2 | _aebrary, Inc. | |
| 830 | 0 | _aIBM redbooks. | |
| 856 | 4 | 0 |
_uhttp://site.ebrary.com/lib/rucke/Doc?id=10112269 _zAn electronic book accessible through the World Wide Web; click to view |
| 999 |
_c105996 _d105996 |
||